| 000 | 00412nam a2200145Ia 4500 | ||
|---|---|---|---|
| 008 | 130318s9999 xx 000 0 und d | ||
| 020 | _a722534426 | ||
| 082 | _a658.4032 OCO/A | ||
| 100 | _aO'Connor, Joseph | ||
| 245 | _aArt of systems thinking: Essential skills for creativity and problem solving | ||
| 260 |
_bThorsons _aLondon _c1997 |
||
| 300 | _a265 | ||
| 650 | _aSYSTEMS THINKING | ||
| 700 | _aMcDermott, Ian | ||
| 999 |
_c494 _d494 |
||